000 00335nam a22001337a 4500
008 170412b xxu||||| |||| 00| 0 eng d
020 _a9780632043224
041 _aeng
080 _24 ED
_a618
100 _a10
101 _aSHM
245 _aMANAGEMENT OF COMMON PROBLEMS OBSTETRICS AND GYNECOLOGY
_cMISHELLD,R
942 _2udc
_cBK
999 _c10520
_d10520